| 000 | 00385nam a2200145Ia 4500 | ||
|---|---|---|---|
| 008 | 230917s9999||||xx |||||||||||||| ||und|| | ||
| 040 |
_e203157 _aMAIN |
||
| 041 | _aEnglish | ||
| 082 | _a647.94 A26T | ||
| 100 | _aandrews, Sudhir | ||
| 245 | 0 |
_aTextbook of hotel housekeeping management _ operation |
|
| 260 |
_aNew Delhi _bTata McGraw-Hill _c2008 |
||
| 300 | _a478 p. | ||
| 942 | _cBK | ||
| 999 |
_c152352 _d152352 |
||